000 00279nam a22001337a 4500
008 170526b xxu||||| |||| 00| 0 eng d
020 _a3540063773
041 _aeng
080 _a621.3
100 _a25
101 _aIM
245 _aELEKTRONIK
_cBENEKING, H
942 _2udc
_cBK
999 _c14383
_d14383